Top 10 Countries for Business Quiz Stats

Quiz not verified by Sporcle

Challenge
Share
Tweet
Embed
Score 0/10 Timer 04:00
0 Plays Today
Rank Country % Correct
2New Zealand
96.5%
9Norway
94.1%
3China
89.6%
6Denmark
85.6%
8Finland
82.8%
7Netherlands
68.5%
5United Kingdom
67.1%
10Canada
64.3%
1Sweden
60.3%
4Ireland
52.6%

You're not logged in!

Compare scores with friends on all Sporcle quizzes.
Sign Up with Email
OR
Log In

You Might Also Like...

Show Comments

Extras

Top Quizzes Today


Score Distribution

Your Account Isn't Verified!

In order to create a playlist on Sporcle, you need to verify the email address you used during registration. Go to your Sporcle Settings to finish the process.

Report this User

Report this user for behavior that violates our Community Guidelines.

Details: